[Event "Let's Play Chess!"]
[Site "http://www.queenalice.com/game.php?id=116791"]
[Date "2006.10.14"]
[Round "-"]
[White "jsh272"]
[Black "tiolee2006"]
[Result "0-1"]
[WhiteElo "1510"]
[BlackElo "1647"]

1. g4 d5 2. f3 e6 3. h4 Bd6 4. Rh3 Nc6 5. d3 Nf6 6. Bg5 h6 7. Bxf6 Qxf6 8. Nc3
Qd4 9. Qd2 Bf4 10. e3 Bxe3 11. Qe2 Bxg1 12. Nb5 Qb4+ 13. Nc3 Nd4 14. Qd2 Qb6 15.
Rh1 Nxf3+ 0-1

[Event "chj"]
[Site "http://www.queenalice.com/game.php?id=116904"]
[Date "2006.10.14"]
[Round "-"]
[White "PasdeQuartier"]
[Black "tiolee2006"]
[Result "0-1"]
[WhiteElo "1593"]
[BlackElo "1627"]

1. e4 d5 2. exd5 Qxd5 3. d4 Nc6 4. Nf3 Bf5 5. Nc3 Qd6 6. Ng5 Nb4 7. Bd3 Nxd3+ 8.
cxd3 Qxd4 9. Nxf7 Kxf7 10. Be3 Qe5 11. Qb3+ e6 12. Qxb7 Rd8 13. d4 Rxd4 14. O-O
Rh4 15. g3 Bd6 16. gxh4 Qxh2# 0-1

[Event "Novo"]
[Site "http://www.queenalice.com/game.php?id=117873"]
[Date "2006.10.17"]
[Round "-"]
[White "Nostradamus"]
[Black "tiolee2006"]
[Result "1-0"]
[WhiteElo "1917"]
[BlackElo "1657"]

1. d4 d5 2. c4 Nf6 3. Nc3 dxc4 4. Nf3 Bf5 5. e3 Nc6 6. Bxc4 Nb4 7. a3 Nc2+ 8.
Ke2 Nxa1 9. Nh4 e6 10. Nxf5 exf5 11. Bd2 Ne4 12. Qxa1 Nxd2 13. Kxd2 f4 14. Qa2
fxe3+ 15. fxe3 Qf6 16. Rf1 Qxf1 17. Bxf1 O-O-O 18. Qxf7 Bd6 19. g3 Rhf8 20. Bh3+
Kb8 21. Qxg7 Rf2+ 22. Kd3 Rxb2 23. Qxh7 Bxa3 24. Be6 Bb4 25. Nb5 Ba5 26. Na3 a6
27. Nc4 Rb3+ 28. Ke4 b5 29. Nxa5 Rc3 30. d5 Ka7 31. Nc6+ Rxc6 32. dxc6 Kb6 33.
Bd7 Ra8 34. Qg7 a5 35. Qd4+ Ka6 36. h4 a4 37. Qc5 Ka5 38. h5 Rg8 39. g4 Ra8 40.
h6 Ra6 41. Be6 a3 42. Bc4 Rxc6 43. Qxb5# 1-0

[Event "Desafio"]
[Site "http://www.queenalice.com/game.php?id=118299"]
[Date "2006.10.18"]
[Round "-"]
[White "tiolee2006"]
[Black "iwanikow"]
[Result "1-0"]
[WhiteElo "1665"]
[BlackElo "1621"]

1. d4 g6 2. Bf4 Bg7 3. Be5 Bxe5 4. dxe5 e6 5. e3 b6 6. Nc3 Bb7 7. Nf3 Nc6 8. Qd2
Nge7 9. e4 d5 10. exd5 exd5 11. O-O-O Na5 12. Bb5+ c6 13. Bd3 Qd7 14. Rhe1 O-O-O
15. Nd4 Nf5 16. Nxf5 gxf5 17. Qg5 Rhg8 18. Qh5 Rxg2 19. Bxf5 Kc7 20. Bxd7 Rxd7
21. f4 Ba6 22. Qxh7 c5 23. Nxd5+ 1-0

[Event "Let's Play Chess!"]
[Site "http://www.queenalice.com/game.php?id=119050"]
[Date "2006.10.20"]
[Round "-"]
[White "GileCAR"]
[Black "tiolee2006"]
[Result "1/2-1/2"]
[WhiteElo "1500"]
[BlackElo "1689"]

1. d4 d5 2. c4 Nf6 3. Nc3 dxc4 4. e4 Nc6 5. d5 Ne5 6. Nf3 Bg4 7. Be2 Bxf3 8.
gxf3 Nd3+ 9. Bxd3 cxd3 10. Bf4 a6 11. Rc1 c6 12. Qb3 cxd5 13. Qa4+ b5 14. Nxb5
axb5 15. Qxb5+ Nd7 16. O-O dxe4 17. Bc7 Qc8 18. Bg3 Qd8 19. Bc7 Qc8 20. Bg3 Qd8
21. Bc7 Qc8 22. Bg3 1/2-1/2

[Event "Challenge"]
[Site "http://www.queenalice.com/game.php?id=119313"]
[Date "2006.10.20"]
[Round "-"]
[White "vult0"]
[Black "tiolee2006"]
[Result "0-1"]
[WhiteElo "1659"]
[BlackElo "1679"]

1. e4 d5 2. exd5 Qxd5 3. d3 Bf5 4. Nc3 Qd8 5. Bf4 e6 6. Nb5 Bd6 7. Bxd6 cxd6 8.
Nf3 a6 9. Nc3 Nf6 10. d4 O-O 11. Bd3 Re8 12. O-O Bxd3 13. cxd3 d5 14. Ne5 Nc6
15. Qf3 Nxd4 16. Qd1 b5 17. b4 Qc7 18. Ng4 Nxg4 19. Qxg4 Qxc3 20. f4 Qxd3 21.
Rad1 Qe3+ 22. Kh1 Rac8 23. Rde1 Qc3 24. h3 Qxb4 25. h4 Nf5 26. Rf3 Qxe1+ 0-1

[Event "Let's Play Chess!"]
[Site "http://www.queenalice.com/game.php?id=122500"]
[Date "2006.10.27"]
[Round "-"]
[White "oniwa"]
[Black "tiolee2006"]
[Result "1-0"]
[WhiteElo "1906"]
[BlackElo "1697"]

1. e4 d5 2. exd5 Qxd5 3. Nc3 Qe5+ 4. Qe2 Qd6 5. Nf3 Nc6 6. g3 Nf6 7. Nb5 Qd8 8.
Bg2 a6 9. Nc3 Bg4 10. Qe3 Nb4 11. Kd1 e6 12. a3 Nbd5 13. Nxd5 Qxd5 14. d3 Rd8
15. h3 Bc5 16. Qe2 Ne4 17. Be3 Bh5 18. Kc1 Bxe3+ 19. Qxe3 Nf6 20. Ne1 Qb5 21. f4
O-O 22. g4 Bg6 23. a4 Qb4 24. Nf3 Nd5 25. Qd2 Qxf4 26. Qxf4 Nxf4 27. Bf1 c5 28.
Nd2 b5 29. b3 Nd5 30. Ne4 c4 31. Nc5 cxb3 32. Nxb3 Rc8 33. axb5 axb5 34. Kd2
Rfd8 35. h4 h6 36. h5 Bh7 37. Ra5 b4 38. Rh3 Nf6 39. Be2 Rd5 40. Ra6 Ne4+ 41.
Ke3 Ng5 42. Rh1 f5 43. Rha1 fxg4 44. Bxg4 Bf5 45. Bxf5 exf5 46. Ra8 Rf8 47.
Rxf8+ Kxf8 48. Ra4 Rb5 49. Nd4 f4+ 50. Kxf4 Rb6 51. Ke5 Nf7+ 52. Kd5 g5 53. hxg6
Rxg6 54. Rxb4 h5 55. Ne6+ Ke7 56. Re4 Rg4 57. Nf4+ Kd7 58. Rd4 Nd6 59. Ke5 Rg5+
60. Kf6 Rf5+ 61. Kg6 Rc5 62. c4 h4 63. Nh3 Rc6 64. Kg5 Kc7 65. Rxh4 Rc5+ 66. Kg6
Rc6 67. Kg5 Nf7+ 68. Kf5 Nd6+ 69. Ke5 Nf7+ 70. Kd4 Rd6+ 71. Kc3 Ne5 72. Nf2 Rf6
73. Re4 Nc6 74. Nd1 Rf5 75. Ne3 Ra5 76. Nc2 Rh5 77. Nb4 Na5 78. d4 Kd7 79. Nd3
Rh3 80. d5 Rh1 81. Kb4 Nb7 82. Nc5+ Nxc5 83. Kxc5 Ra1 84. Re6 Ra5+ 85. Kd4 Ra1
86. Re3 Kd6 87. c5+ Kd7 88. c6+ Kc7 89. Re7+ Kd6 90. Rd7# 1-0

[Event "Let's Play Chess!"]
[Site "http://www.queenalice.com/game.php?id=122535"]
[Date "2006.10.28"]
[Round "-"]
[White "ricvila"]
[Black "tiolee2006"]
[Result "0-1"]
[WhiteElo "1734"]
[BlackElo "1658"]

1. e4 d5 2. exd5 Qxd5 3. Nc3 Qe5+ 4. Be2 Qg5 5. Bf1 Nf6 6. d4 Qa5 7. Bd2 Qb6 8.
Bc1 Nc6 9. Nf3 a6 10. Bc4 h6 11. Be3 Qxb2 12. Bd2 Bf5 13. Rc1 Qb4 14. Bb3 Nxd4
15. Nd5 Nxf3+ 16. Qxf3 Qd6 17. Nxf6+ Qxf6 18. Qc3 Qd6 19. O-O Qg6 20. Qg3 e6 21.
Qxg6 Bxg6 0-1

[Event "Novo3"]
[Site "http://www.queenalice.com/game.php?id=124109"]
[Date "2006.11.1"]
[Round "-"]
[White "Pagano"]
[Black "tiolee2006"]
[Result "1/2-1/2"]
[WhiteElo "1725"]
[BlackElo "1675"]

1. f4 d5 2. Nf3 d4 3. b3 Nf6 4. Bb2 Nc6 5. g3 Bf5 6. Bg2 Be4 7. O-O Qd5 8. e3
dxe3 9. dxe3 e6 10. Nc3 Qc5 11. Nxe4 Nxe4 12. Qd3 Nd6 13. a3 Rd8 14. Qe2 f6 15.
Kh1 Nf5 16. Rfe1 Bd6 17. e4 Nfd4 18. Nxd4 Nxd4 19. Bxd4 Qxd4 20. Rad1 Qb6 21. e5
fxe5 22. fxe5 Bc5 23. Rxd8+ Kxd8 24. b4 Be7 25. Rd1+ Kc8 26. c4 Rd8 27. Rxd8+
Bxd8 28. c5 Qa6 29. Qxa6 bxa6 30. Bf1 Kd7 31. h4 a5 32. Kg2 axb4 33. axb4 Kc6
34. Bc4 h6 35. Kf3 g5 36. h5 Kd7 37. Ke4 c6 38. g4 Ke7 39. Kd4 Kd7 40. Ba6 Ke7
1/2-1/2

[Event "Let's Play Chess!"]
[Site "http://www.queenalice.com/game.php?id=124364"]
[Date "2006.11.1"]
[Round "-"]
[White "fatharry"]
[Black "tiolee2006"]
[Result "1-0"]
[WhiteElo "2029"]
[BlackElo "1677"]

1. e4 d5 2. exd5 Qxd5 3. Nc3 Qd6 4. Nf3 a6 5. d4 Nf6 6. Bc4 Nc6 7. O-O Bg4 8.
Be3 Bxf3 9. Qxf3 e6 10. Rfe1 O-O-O 11. Rad1 Qb4 12. Bxa6 bxa6 13. Qxc6 Qb8 14.
Qxa6+ Kd7 15. d5 Nxd5 16. Nxd5 exd5 17. Rxd5+ Bd6 18. c4 Rhe8 19. Kf1 Re6 20. c5
Ke8 21. cxd6 cxd6 22. Rb5 Qc7 23. Rb7 Qc8 24. Rc1 Qa8 25. Qc6+ Kf8 26. Qc7 Rf6
27. Bg5 Re8 28. Bxf6 Qa6+ 29. Kg1 Qxa2 30. Be7+ Kg8 31. Rb8 h6 32. Rxe8+ Kh7 33.
Qc2+ g6 34. Bf6 1-0

[Event "Let's Play Chess!"]
[Site "http://www.queenalice.com/game.php?id=130694"]
[Date "2006.11.17"]
[Round "-"]
[White "fabriciossousa"]
[Black "tiolee2006"]
[Result "0-1"]
[WhiteElo "1232"]
[BlackElo "1677"]

1. e4 d5 2. exd5 Nf6 3. d4 Qxd5 4. Nf3 a6 5. Nc3 Qd8 6. Bd3 Nc6 7. O-O Bg4 8.
Be3 e6 9. Be2 Bd6 10. Bg5 h6 11. Bh4 g5 12. Bg3 Bxg3 13. fxg3 Nxd4 14. Nxd4 Bxe2
0-1

[Event "Revanche"]
[Site "http://www.queenalice.com/game.php?id=131844"]
[Date "2006.11.21"]
[Round "-"]
[White "iwanikow"]
[Black "tiolee2006"]
[Result "0-1"]
[WhiteElo "1683"]
[BlackElo "1679"]

1. c4 d5 2. cxd5 Qxd5 3. Nc3 Qd8 4. g3 Bf5 5. Bg2 Nc6 6. Nf3 Nb4 7. d3 e6 8. e4
Nxd3+ 9. Ke2 Nxc1+ 10. Rxc1 Bg4 11. Nb5 c6 12. h3 Bxf3+ 13. Bxf3 cxb5 14. Qb3
Qb6 15. Rhd1 Bc5 16. Rf1 Nf6 17. e5 Nd5 18. Bxd5 exd5 19. Qxd5 Rc8 20. b4 O-O
21. bxc5 Qa6 22. f4 Rfd8 23. Qb3 b4+ 24. Kf2 Rd2+ 25. Kg1 Qe2 26. Qxf7+ Kxf7 27.
e6+ Ke7 0-1

[Event "Let's Play Chess!"]
[Site "http://www.queenalice.com/game.php?id=228279"]
[Date "2007.6.20"]
[Round "-"]
[White "tiolee2006"]
[Black "Kronista"]
[Result "1-0"]
[WhiteElo "1683"]
[BlackElo "1841"]

1. d4 d5 2. a3 e6 3. Nf3 Nf6 4. Nc3 c5 5. h3 c4 6. Bf4 Bd6 7. Ne5 Nh5 8. Bh2 Nd7
9. e3 Bxe5 10. dxe5 g6 11. Be2 Ng7 12. Nb5 Qa5+ 13. Nc3 b5 14. O-O f5 15. exf6
Nxf6 16. Be5 O-O 17. Bf3 Bd7 18. Qd4 Nf5 19. Qd1 Qb6 20. Bxf6 Rxf6 21. Nxd5 1-0

[Event "Let's Play Chess!"]
[Site "http://www.queenalice.com/game.php?id=238354"]
[Date "2007.7.11"]
[Round "-"]
[White "tiolee2006"]
[Black "Flunton"]
[Result "1-0"]
[WhiteElo "1688"]
[BlackElo "1541"]

1. d4 f5 2. Bf4 d6 3. Nf3 Nc6 4. e3 Nf6 5. Nc3 g6 6. Bc4 Bg7 7. h3 e6 8. d5 e5
9. Bg3 Na5 10. Bb5+ Bd7 11. Ng5 O-O 12. Bxd7 Qxd7 13. O-O b6 14. Bh4 1-0

[Event "Let's Play Chess!"]
[Site "http://www.queenalice.com/game.php?id=238786"]
[Date "2007.7.12"]
[Round "-"]
[White "tiolee2006"]
[Black "Barbudo"]
[Result "0-1"]
[WhiteElo "1705"]
[BlackElo "1675"]

1. d4 d5 2. h3 Nf6 3. Nc3 Nc6 4. Bf4 Bf5 5. Nf3 Nb4 6. Rc1 Be4 7. Nb5 Na6 8. e3
c6 9. Nc3 Qa5 10. Bxa6 Qxa6 11. a3 e6 12. Ne5 Bxg2 13. Rg1 Bxh3 14. f3 Bd6 15.
Nxf7 Bxf4 16. Nxh8 Bxe3 17. Ra1 Bxg1 18. Ne2 Bh2 19. Qd2 b6 20. Qg5 Kf8 21. Kd2
Bg4 22. Rf1 Kg8 23. fxg4 Ne4+ 24. Kd1 Nxg5 0-1